New Zealand cities - sudden death - Statistics

General Stats
  • This quiz has been taken 771 times
  • The average score is 10 of 16
Answers on the Grid
Answers color-coded by a green-red scale on the quiz's grid according to % correct below.
Auckland
Edmonton
Stuttgart
Chichester
Quetzaltenango
Dunedin
Cienfuegos
Invercargill
Lubango
Queenstown
Sumqayit
Bukavu
Napier
Washington
Gisborne
Kraljevo
Tauranga
Hamilton
Nelson
Palmerston North
Whangārei
New Plymouth
Sekondi-Takoradi
Lower Hutt
Wilmington
Christchurch
Ndola
Dublin
Upper Hutt
Gonaïves
Wellington
Hong Kong
 
Answer Stats
Answer % Correct
Auckland
99%
Wellington
86%
Christchurch
82%
Dunedin
74%
Hamilton
70%
Queenstown
67%
Tauranga
66%
Whangārei
64%
Nelson
59%
New Plymouth
57%
Palmerston North
57%
Invercargill
56%
Napier
54%
Gisborne
47%
Lower Hutt
45%
Upper Hutt
45%
No matching quizzes found
Score Distribution
Percent of People with Each Score
Percentile by Number Answered
Your Score History
You have not taken this quiz